000 00589cam a22002053a 4500
001 39417
003 PGUSA
005 20140828083857.0
008 120410s2012||||xxu|||||s|||||000 | eng d
040 _aPGUSA
_beng
042 _adc
100 1 _aHocking, Silas K.
_q(Silas Kitto),
_d1850-1935
245 1 2 _aA Gamble with Life
_h[electronic resource] /
_cSilas K. Hocking
260 _bProject Gutenberg,
_c2012
506 _aPublic domain in the USA.
516 _aElectronic text
830 0 _aProject Gutenberg
_v39417
856 4 0 _uhttp://www.gutenberg.org/ebooks/39417
942 _cEB
999 _c268670
_d268670